[Event "Astana Zhuldyzdary op-A"]
[Site "Astana"]
[Date "2023.07.18"]
[Round "10"]
[White "Arestanov, Timur"]
[Black "Khamdamova, Afruza"]
[Result "1-0"]
[WhiteElo "2216"]
[BlackElo "2222"]
[PlyCount "83"]
[EventDate "2023.07.11"]
[EventType "swiss"]
[EventRounds "10"]
[EventCountry "KAZ"]
[SourceTitle "EXT 2024"]
[Source "ChessBase"]
[SourceDate "2023.10.10"]
[SourceVersion "1"]
[SourceVersionDate "2023.10.10"]
[SourceQuality "1"]

1. d4 Nf6 2. c4 e6 3. g3 c5 4. d5 exd5 5. cxd5 d6 6. Nc3 g6 7. Bg2 Bg7 8. Nf3 0-0 9. 0-0 Re8 10. Re1 a6 11. a4 Nbd7 12. h3 Ne4 13. Nxe4 Rxe4 14. Qc2 Nf6 15. Nd2 Re8 16. Nc4 Bf5 17. e4 Bc8 18. Bf4 Bf8 19. g4 b6 20. Qb3 a5 21. Qg3 Bb7 22. Nxd6 Bxd6 23. Bxd6 h5 24. Bc7 Qe7 25. Bxb6 Nd7 26. Bc7 hxg4 27. hxg4 Ra6 28. Bf1 Ra7 29. Bb5 Ba6 30. Bd6 Qd8 31. Bxd7 Rxd7 32. Bxc5 Qg5 33. Bd4 f5 34. exf5 Rde7 35. Re6 Rxe6 36. dxe6 Be2 37. Re1 Qxg4 38. Rxe2 Qxd4 39. Re5 Kf8 40. f6 Qd1+ 41. Kh2 Qd2 42. Qa3+ 1-0

[Event "Astana Zhuldyzdary op-A"]
[Site "Astana"]
[Date "2023.07.16"]
[Round "8"]
[White "Arestanov, Timur"]
[Black "Bernadskiy, Vitaliy"]
[Result "0-1"]
[WhiteElo "2216"]
[BlackElo "2545"]
[PlyCount "68"]
[EventDate "2023.07.11"]
[EventType "swiss"]
[EventRounds "10"]
[EventCountry "KAZ"]
[SourceTitle "CBM 215 Extra"]
[Source "ChessBase"]
[SourceDate "2023.09.30"]
[SourceVersion "1"]
[SourceVersionDate "2023.09.30"]
[SourceQuality "1"]

1. d4 d5 2. c4 e6 3. Nf3 a6 4. cxd5 exd5 5. Nc3 Nf6 6. Bg5 c6 7. e3 Be6 8. Bd3 Nbd7 9. Ne5 Be7 10. f4 Nxe5 11. dxe5 Ng8 12. Bxe7 Nxe7 13. 0-0 d4 14. exd4 Qxd4+ 15. Rf2 0-0-0 16. Bc2 Nf5 17. Qxd4 Rxd4 18. Re1 h5 19. Ne4 Rhd8 20. Ng5 g6 21. Bxf5 gxf5 22. a3 Kc7 23. h4 c5 24. Nh7 b5 25. Re3 c4 26. Nf6 a5 27. Rg3 b4 28. axb4 axb4 29. Nxh5 Rd2 30. Ng7 c3 31. bxc3 b3 32. Nxe6+ fxe6 33. c4 Rxf2 34. Kxf2 b2 0-1

[Event "Astana Zhuldyzdary op-A"]
[Site "Astana"]
[Date "2023.07.15"]
[Round "6"]
[White "Arestanov, Timur"]
[Black "Suyarov, Mukhammadzokhid"]
[Result "1-0"]
[WhiteElo "2216"]
[BlackElo "2366"]
[PlyCount "79"]
[EventDate "2023.07.11"]
[EventType "swiss"]
[EventRounds "10"]
[EventCountry "KAZ"]
[SourceTitle "CBM 215 Extra"]
[Source "ChessBase"]
[SourceDate "2023.09.30"]
[SourceVersion "1"]
[SourceVersionDate "2023.09.30"]
[SourceQuality "1"]

1. d4 Nf6 2. c4 e6 3. g3 c5 4. d5 exd5 5. cxd5 d6 6. Nc3 g6 7. Bg2 Bg7 8. Nf3 0-0 9. 0-0 a6 10. a4 Re8 11. Re1 Ne4 12. Nxe4 Rxe4 13. Qc2 Rb4 14. Ra2 a5 15. Nd2 b6 16. b3 Na6 17. Nc4 Rb8 18. Bf4 Qd7 19. e4 Rxc4 20. Qxc4 Nb4 21. Rd2 Ba6 22. Qc1 Nd3 23. Rxd3 Bxd3 24. e5 dxe5 25. Bxe5 Bxe5 26. Rxe5 c4 27. Qe3 Rc8 28. Re7 Qf5 29. d6 cxb3 30. d7 Rf8 31. Qxb6 Bc4 32. Be4 Qh3 33. Bg2 Qf5 34. h4 Qd3 35. Qc5 b2 36. Re8 b1Q+ 37. Kh2 Qb4 38. Rxf8+ Kg7 39. Qxb4 Qxd7 40. Qxc4 1-0

[Event "Astana Zhuldyzdary op-A"]
[Site "Astana"]
[Date "2023.07.11"]
[Round "1"]
[White "Ponkratov, Pavel"]
[Black "Arestanov, Timur"]
[Result "1-0"]
[WhiteElo "2589"]
[BlackElo "2216"]
[PlyCount "57"]
[EventDate "2023.07.11"]
[EventType "swiss"]
[EventRounds "10"]
[EventCountry "KAZ"]
[SourceTitle "CBM 215 Extra"]
[Source "ChessBase"]
[SourceDate "2023.09.30"]
[SourceVersion "1"]
[SourceVersionDate "2023.09.30"]
[SourceQuality "1"]

1. e4 c6 2. d4 d5 3. e5 Bf5 4. Nd2 e6 5. Nb3 a5 6. a4 Nd7 7. Nf3 f6 8. Bd3 Bg4 9. h3 Bh5 10. g4 Bg6 11. Bxg6+ hxg6 12. Qe2 Kf7 13. Bd2 Qb6 14. 0-0-0 Bb4 15. Rde1 Bxd2+ 16. Qxd2 g5 17. exf6 gxf6 18. h4 gxh4 19. Qf4 Ke7 20. Nxh4 Kf7 21. Nf3 Rxh1 22. Rxh1 Nf8 23. Nc5 Re8 24. Ng5+ Kg7 25. Qh2 fxg5 26. Qh8+ Kg6 27. Qxg8+ Kf6 28. Rh7 Nxh7 29. Nd7+ 1-0

[Event "Astana op"]
[Site "Astana"]
[Date "2017.07.22"]
[Round "2"]
[White "Shimanov, Aleksandr"]
[Black "Arestanov, Timur"]
[Result "1/2-1/2"]
[WhiteElo "2623"]
[BlackElo "2266"]
[PlyCount "146"]
[EventDate "2017.07.21"]
[EventType "swiss"]
[EventRounds "9"]
[EventCountry "KAZ"]
[SourceTitle "CBM 179 Extra"]
[Source "ChessBase"]
[SourceDate "2017.08.23"]
[SourceVersion "1"]
[SourceVersionDate "2017.08.23"]
[SourceQuality "1"]

1. Nf3 Nf6 2. g3 d5 3. Bg2 c5 4. c4 Nc6 5. cxd5 Nxd5 6. Nc3 Nc7 7. d3 e5 8. Nd2 Be6 9. Nc4 Nd5 10. Qa4 f6 11. Ne3 Nb6 12. Bxc6+ Kf7 13. Qe4 bxc6 14. Qxc6 Rc8 15. Qf3 c4 16. dxc4 Bb4 17. 0-0 Bxc3 18. bxc3 Nxc4 19. Rd1 Qa5 20. Nf5 Rhd8 21. e4 Rxd1+ 22. Qxd1 g6 23. Nh6+ Kg7 24. Rb1 Qxc3 25. Rb7+ Kh8 26. Nf7+ Bxf7 27. Rxf7 Nd6 28. Rd7 Qxc1 29. Rxd6 Qxd1+ 30. Rxd1 Rc7 31. Rd6 Kg7 32. Ra6 Kf7 33. h4 h5 34. Kg2 Rd7 35. Kf3 Ke7 36. Ke3 Kf7 37. a4 Ke7 38. f4 Kf7 39. fxe5 fxe5 40. a5 Rb7 41. Kd3 g5 42. hxg5 Rb3+ 43. Kc4 Rxg3 44. Kd5 h4 45. Rh6 h3 46. a6 Kg7 47. Kc6 Rb3 48. Kd5 Rb5+ 49. Kc4 Rb6 50. Rxb6 axb6 51. a7 h2 52. a8Q h1Q 53. Kd5 Qh2 54. Ke6 Qf4 55. Qd8 Qxe4 56. Qf6+ Kh7 57. Qf7+ Kh8 58. Qf6+ Kh7 59. Qf7+ Kh8 60. g6 Qc6+ 61. Ke7 Qc7+ 62. Kf6 Qc6+ 63. Kg5 Qg2+ 64. Kf5 Qf3+ 65. Ke6 Qc6+ 66. Kxe5 Qc5+ 67. Ke4 Qb4+ 68. Kf5 Qc5+ 69. Kf4 Qf2+ 70. Ke5 Qxf7 71. gxf7 Kg7 72. Kd6 Kxf7 73. Kc6 b5 1/2-1/2

[Event "KAZ-ch"]
[Site "Almaty"]
[Date "2016.05.13"]
[Round "11"]
[White "Arestanov, Timur"]
[Black "Ismagambetov, Anuar"]
[Result "0-1"]
[WhiteElo "2298"]
[BlackElo "2559"]
[PlyCount "64"]
[EventDate "2016.05.03"]
[EventType "tourn"]
[EventRounds "11"]
[EventCountry "KAZ"]
[EventCategory "8"]
[SourceTitle "CBM 172 Extra"]
[Source "ChessBase"]
[SourceDate "2016.06.21"]
[SourceVersion "1"]
[SourceVersionDate "2016.06.21"]
[SourceQuality "1"]

1. d4 Nf6 2. c4 e6 3. g3 c5 4. d5 exd5 5. cxd5 d6 6. Nc3 g6 7. Nf3 Bg7 8. Bg2 0-0 9. 0-0 a6 10. a4 Re8 11. Bf4 h6 12. Re1 g5 13. Bd2 Bf5 14. h4 g4 15. Nh2 h5 16. e4 Bg6 17. Bf4 Qc7 18. Nf1 Nbd7 19. Nd2 Nh7 20. f3 Bd4+ 21. Kh2 Nhf6 22. Nc4 gxf3 23. Bxf3 Ne5 24. Nxe5 Bxe5 25. Qb3 Rab8 26. Qc4 b5 27. axb5 axb5 28. Nxb5 Qb6 29. Bxe5 Rxe5 30. Na3 Qxb2+ 31. Kg1 Rb4 32. Ra2 Qxa3 0-1

[Event "KAZ-ch"]
[Site "Almaty"]
[Date "2016.05.11"]
[Round "9"]
[White "Arestanov, Timur"]
[Black "Kuderinov, Kirill"]
[Result "0-1"]
[WhiteElo "2298"]
[BlackElo "2489"]
[PlyCount "50"]
[EventDate "2016.05.03"]
[EventType "tourn"]
[EventRounds "11"]
[EventCountry "KAZ"]
[EventCategory "8"]
[SourceTitle "CBM 172 Extra"]
[Source "ChessBase"]
[SourceDate "2016.06.21"]
[SourceVersion "1"]
[SourceVersionDate "2016.06.21"]
[SourceQuality "1"]

1. d4 a6 2. e4 e6 3. c4 d5 4. exd5 exd5 5. Nc3 Nf6 6. Bg5 Be7 7. Bxf6 Bxf6 8. Nxd5 0-0 9. Be2 Nc6 10. Nf3 Bg4 11. Nxf6+ Qxf6 12. 0-0 Bxf3 13. Bxf3 Nxd4 14. Bxb7 Rab8 15. Bxa6 Rfd8 16. Qa4 Ra8 17. Rfe1 Qxa6 18. Qxa6 Rxa6 19. Rad1 Kf8 20. a3 c5 21. b4 Rxa3 22. bxc5 Ra5 23. c6 Nxc6 24. Rxd8+ Nxd8 25. g3 Rc5 0-1

[Event "KAZ-ch"]
[Site "Almaty"]
[Date "2016.05.06"]
[Round "4"]
[White "Egorov, Evgeni"]
[Black "Arestanov, Timur"]
[Result "1-0"]
[WhiteElo "2387"]
[BlackElo "2298"]
[PlyCount "49"]
[EventDate "2016.05.03"]
[EventType "tourn"]
[EventRounds "11"]
[EventCountry "KAZ"]
[EventCategory "8"]
[SourceTitle "CBM 172 Extra"]
[Source "ChessBase"]
[SourceDate "2016.06.21"]
[SourceVersion "1"]
[SourceVersionDate "2016.06.21"]
[SourceQuality "1"]

1. c4 c5 2. Nf3 Nf6 3. Nc3 d5 4. cxd5 Nxd5 5. d4 Nxc3 6. bxc3 g6 7. Bf4 Bg7 8. e3 Qa5 9. Qd2 0-0 10. Bd3 Rd8 11. Rb1 cxd4 12. cxd4 Qxd2+ 13. Kxd2 Nc6 14. Rhc1 f6 15. Bc7 Rd7 16. Bg3 e6 17. Bb5 e5 18. Rxc6 bxc6 19. Bxc6 exd4 20. exd4 Bh6+ 21. Kc3 f5 22. Be5 Bb7 23. Bxd7 Be4 24. Be6+ Kf8 25. Rb8+ 1-0

[Event "KAZ-ch sf"]
[Site "Pavlodar"]
[Date "2016.02.12"]
[Round "7"]
[White "Arestanov, Timur"]
[Black "Egorov, Evgeni"]
[Result "1/2-1/2"]
[WhiteElo "2261"]
[BlackElo "2383"]
[PlyCount "76"]
[EventDate "2016.02.05"]
[EventType "swiss"]
[EventRounds "9"]
[EventCountry "KAZ"]
[SourceTitle "CBM 171 Extra"]
[Source "ChessBase"]
[SourceDate "2016.04.26"]
[SourceVersion "1"]
[SourceVersionDate "2016.04.26"]
[SourceQuality "1"]

1. d4 d5 2. c4 dxc4 3. Nf3 Nf6 4. e3 Bg4 5. Bxc4 e6 6. h3 Bh5 7. Nc3 a6 8. g4 Bg6 9. Ne5 Nbd7 10. Nxg6 hxg6 11. Qf3 c5 12. Qxb7 Rb8 13. Qf3 Qb6 14. 0-0 cxd4 15. exd4 Qxd4 16. Bxa6 Ne5 17. Bb5+ Ke7 18. Qf4 Rxb5 19. Nxb5 Qd5 20. Nd4 Qxd4 21. Qxd4 Nf3+ 22. Kg2 Nxd4 23. Be3 Nc6 24. Rac1 Kd7 25. Bc5 Nd5 26. Bxf8 Rxf8 27. Kg3 Rb8 28. Rb1 Ncb4 29. a3 Nc2 30. Rfd1 Rb3+ 31. Kh2 Ke7 32. Rbc1 Nxa3 33. bxa3 Rxa3 34. Ra1 Rf3 35. Kg2 Rb3 36. Ra7+ Kf6 37. h4 g5 38. hxg5+ Kxg5 1/2-1/2

[Event "Karaganda Mayor's Cup"]
[Site "Karaganda"]
[Date "2015.12.08"]
[Round "8"]
[White "Arestanov, Timur"]
[Black "Vokhidov, Shamsiddin"]
[Result "0-1"]
[WhiteElo "2245"]
[BlackElo "2415"]
[PlyCount "74"]
[EventDate "2015.12.01"]
[EventType "tourn"]
[EventRounds "9"]
[EventCountry "KAZ"]
[SourceTitle "EXT 2018"]
[Source "ChessBase"]
[SourceDate "2017.10.13"]
[SourceVersion "1"]
[SourceVersionDate "2017.10.13"]
[SourceQuality "1"]

1. d4 Nf6 2. c4 e6 3. g3 Bb4+ 4. Nd2 d5 5. Bg2 0-0 6. Ngf3 dxc4 7. Qc2 b5 8. a4 c6 9. axb5 cxb5 10. Ng5 h6 11. Bxa8 hxg5 12. 0-0 g4 13. Ne4 a5 14. Bg5 Nbd7 15. f3 Ba6 16. Bc6 Qb6 17. Bxd7 Nxd7 18. Rad1 gxf3 19. exf3 Bb7 20. Kg2 a4 21. h4 f5 22. Nc3 Nf6 23. Bxf6 Rxf6 24. h5 a3 25. Rb1 Bc6 26. Na2 Bf8 27. bxa3 Qxd4 28. Nc3 Qc5 29. Qb2 e5 30. Nxb5 e4 31. Nd4 exf3+ 32. Nxf3 c3 33. Qb4 Qe3 34. Qc4+ Kh7 35. Rb3 Bc5 36. Rxc3 Bxf3+ 37. Kh2 Qd2+ 0-1

[Event "Karaganda Mayor's Cup"]
[Site "Karaganda"]
[Date "2015.12.05"]
[Round "5"]
[White "Sharafiev, Azat"]
[Black "Arestanov, Timur"]
[Result "1-0"]
[WhiteElo "2420"]
[BlackElo "2245"]
[PlyCount "93"]
[EventDate "2015.12.01"]
[EventType "tourn"]
[EventRounds "9"]
[EventCountry "KAZ"]
[SourceTitle "EXT 2018"]
[Source "ChessBase"]
[SourceDate "2017.10.13"]
[SourceVersion "1"]
[SourceVersionDate "2017.10.13"]
[SourceQuality "1"]

1. e4 c5 2. Nf3 Nc6 3. d4 cxd4 4. Nxd4 Qb6 5. Nb3 Nf6 6. Nc3 e6 7. Qe2 Bb4 8. Bd2 0-0 9. a3 Be7 10. e5 Ne8 11. 0-0-0 f6 12. exf6 Bxf6 13. Be3 Qc7 14. Bc5 Rf7 15. Ne4 Be5 16. Ng5 Bf4+ 17. Be3 Rf8 18. g3 Bxe3+ 19. Qxe3 h6 20. Ne4 Ne5 21. f4 Ng4 22. Qe2 Ngf6 23. Nec5 a5 24. Nd3 b6 25. Bg2 Bb7 26. Bxb7 Qxb7 27. Ne5 Rc8 28. Kb1 Nc7 29. Rhe1 a4 30. Nc1 Rcd8 31. Ng6 Rfe8 32. g4 Qa6 33. Nd3 Qb5 34. h4 h5 35. c4 Qa5 36. g5 Qf5 37. gxf6 Qxg6 38. fxg7 d5 39. Ka1 dxc4 40. Ne5 Qf5 41. Rxd8 Rxd8 42. Qxc4 Nd5 43. Nc6 Rd6 44. Nd4 Qf7 45. Qc8+ Kxg7 46. Nxe6+ Kg6 47. f5+ 1-0

[Event "KAZ-ch"]
[Site "Pavlodar"]
[Date "2015.05.11"]
[Round "1"]
[White "Arestanov, Timur"]
[Black "Myakinki, Nikolai"]
[Result "1-0"]
[WhiteElo "2217"]
[BlackElo "1774"]
[PlyCount "53"]
[EventDate "2015.05.11"]
[EventType "swiss"]
[EventRounds "9"]
[EventCountry "KAZ"]
[SourceTitle "EXT 2016"]
[Source "ChessBase"]
[SourceDate "2015.10.08"]
[SourceVersion "1"]
[SourceVersionDate "2015.10.08"]
[SourceQuality "1"]

1. d4 d5 2. c4 c6 3. Nf3 Nf6 4. Nc3 Bf5 5. Qb3 Qd7 6. cxd5 cxd5 7. Ne5 Qc7 8. e4 Bxe4 9. Nxe4 Nxe4 10. Bb5+ Nc6 11. Qxd5 e6 12. Bxc6+ bxc6 13. Qxe4 Bb4+ 14. Ke2 Rc8 15. Nd3 Be7 16. Bf4 Qb6 17. Rhc1 0-0 18. Rc4 Qa6 19. b3 c5 20. dxc5 Bxc5 21. Rac1 Bb6 22. Rxc8 Rxc8 23. Rxc8+ Qxc8 24. Nb4 a5 25. Qc6 Qd8 26. Nd3 h6 27. Qd6 1-0

[Event "Pavlodar op"]
[Site "Pavlodar"]
[Date "2014.12.07"]
[Round "7"]
[White "Arestanov, Timur"]
[Black "Kvan, Andrey"]
[Result "1-0"]
[WhiteElo "2236"]
[BlackElo "2060"]
[PlyCount "94"]
[EventDate "2014.12.01"]
[EventType "swiss"]
[EventRounds "9"]
[EventCountry "KAZ"]
[SourceTitle "EXT 2016"]
[Source "ChessBase"]
[SourceDate "2015.10.08"]
[SourceVersion "1"]
[SourceVersionDate "2015.10.08"]
[SourceQuality "1"]

1. d4 Nf6 2. c4 c5 3. d5 e6 4. Nc3 exd5 5. cxd5 d6 6. Nf3 g6 7. Bf4 a6 8. e4 Bg7 9. Qa4+ Bd7 10. Qb3 Bc8 11. a4 0-0 12. Bd3 Re8 13. 0-0 Nh5 14. Bg5 Qc7 15. Nd2 h6 16. Be3 g5 17. Nc4 Nd7 18. g3 g4 19. Qc2 Ne5 20. Nxe5 Rxe5 21. Qd2 Qe7 22. Bxh6 Bxh6 23. Qxh6 Bd7 24. Nd1 Nf6 25. Ne3 Rh5 26. Qf4 Kg7 27. f3 Rah8 28. Rf2 gxf3 29. h4 b5 30. axb5 axb5 31. Rxf3 c4 32. Bc2 R8h6 33. Ra7 Qe5 34. Qxe5 Rxe5 35. Rxf6 Rxf6 36. Rxd7 Rf3 37. Nf5+ Rfxf5 38. exf5 Re2 39. f6+ Kxf6 40. Bh7 Rxb2 41. Rxd6+ Ke5 42. Rd7 c3 43. Rxf7 c2 44. Rf4 Kd6 45. Rf1 b4 46. h5 b3 47. h6 Ra2 1-0

[Event "Pavlodar op"]
[Site "Pavlodar"]
[Date "2014.12.05"]
[Round "6"]
[White "Kuznetsov, Alexandr"]
[Black "Arestanov, Timur"]
[Result "0-1"]
[WhiteElo "1908"]
[BlackElo "2236"]
[PlyCount "66"]
[EventDate "2014.12.01"]
[EventType "swiss"]
[EventRounds "9"]
[EventCountry "KAZ"]
[SourceTitle "EXT 2016"]
[Source "ChessBase"]
[SourceDate "2015.10.08"]
[SourceVersion "1"]
[SourceVersionDate "2015.10.08"]
[SourceQuality "1"]

1. e4 c5 2. Nf3 Nc6 3. d4 cxd4 4. Nxd4 Qb6 5. c3 Nf6 6. Be2 Nxe4 7. 0-0 e5 8. Nb3 Be7 9. Be3 Qc7 10. Bf3 Nf6 11. Qd3 0-0 12. N1d2 d5 13. Bxd5 Rd8 14. c4 Nb4 15. Qe2 Bf5 16. Rfd1 Nfxd5 17. cxd5 Rxd5 18. a3 Nd3 19. Nf1 Rad8 20. Rd2 Be6 21. Rc2 Qb8 22. Nbd2 f5 23. Nf3 h6 24. b4 Bf6 25. Rb1 e4 26. Ne1 f4 27. Bd2 Bf5 28. Ra2 Nxf2 29. Nc2 e3 30. Ncxe3 fxe3 31. Bxe3 Bxb1 32. Rd2 Ne4 33. Rxd5 Rxd5 0-1

[Event "Moscow Aeroflot op-C"]
[Site "Moscow"]
[Date "2006.02.12"]
[Round "6"]
[White "Movsesian, Julia"]
[Black "Arestanov, Timur"]
[Result "0-1"]
[WhiteElo "2366"]
[BlackElo "2323"]
[PlyCount "210"]
[EventDate "2006.02.07"]
[EventType "swiss"]
[EventRounds "9"]
[EventCountry "RUS"]
[SourceTitle "EXT 2007"]
[Source "ChessBase"]
[SourceDate "2006.11.23"]
[SourceVersion "1"]
[SourceVersionDate "2006.11.23"]
[SourceQuality "1"]

1. e4 e6 2. d4 d5 3. Nd2 Nf6 4. e5 Nfd7 5. c3 c5 6. Bd3 Nc6 7. Ne2 cxd4 8. cxd4 f6 9. exf6 Nxf6 10. 0-0 Bd6 11. Nf3 Qc7 12. Nc3 a6 13. Bg5 0-0 14. Bh4 Nh5 15. Qc2 h6 16. Bh7+ Kh8 17. Bg6 Rxf3 18. Bxh5 Rf4 19. Bg3 Rxd4 20. Ne2 Rc4 21. Qd2 Bd7 22. b3 Rb4 23. Rac1 a5 24. Rfe1 Rf8 25. Bg6 Rf6 26. Bb1 Be8 27. Qe3 Bf7 28. Rf1 Bxg3 29. fxg3 Qb6 30. Qxb6 Rxb6 31. Rfd1 g5 32. Nc3 Be8 33. Re1 Bd7 34. Na4 Rb4 35. Nc5 Bc8 36. Nd3 Rd4 37. h3 Kg7 38. a3 Kf7 39. b4 axb4 40. axb4 Ke8 41. b5 Ne7 42. Rc7 Rc4 43. Rxc4 dxc4 44. Ne5 c3 45. Rc1 Nd5 46. Be4 Bd7 47. b6 h5 48. Bf3 h4 49. gxh4 gxh4 50. Ng4 Rf4 51. Bxd5 exd5 52. Rxc3 Bxg4 53. hxg4 Rxg4 54. Rc8+ Kd7 55. Rc7+ Kd6 56. Kf2 Rf4+ 57. Ke3 Re4+ 58. Kd3 Re7 59. Rc8 Rg7 60. Rc2 Rg3+ 61. Kd4 Rg4+ 62. Kd3 Rb4 63. Rf2 Rxb6 64. Rf4 Rb3+ 65. Kc2 Rg3 66. Rxh4 Rxg2+ 67. Kc3 Kc5 68. Rh7 Rg3+ 69. Kc2 b5 70. Rc7+ Kd4 71. Rb7 Rc3+ 72. Kb2 Rc5 73. Kb3 Rc3+ 74. Kb2 Rc5 75. Kb3 Kd3 76. Rh7 d4 77. Rh3+ Ke2 78. Rh2+ Kf3 79. Rh3+ Kg2 80. Rd3 Rc4 81. Kb2 Kf2 82. Rd2+ Ke3 83. Rh2 d3 84. Rh1 Ke2 85. Rh2+ Ke3 86. Rh3+ Kd4 87. Rh4+ Kc5 88. Rh5+ Kb4 89. Rd5 Rc2+ 90. Kb1 Kc4 91. Rd8 b4 92. Rc8+ Kb3 93. Rd8 Kc3 94. Rc8+ Kd2 95. Rb8 Kd1 96. Rxb4 d2 97. Re4 Rc8 98. Re7 Rb8+ 99. Ka2 Rb4 100. Ka3 Rb5 101. Ka2 Rf5 102. Kb2 Rf2 103. Re3 Re2 104. Rh3 Re1 105. Rh7 Ke2 0-1

[Event "Moscow Aeroflot op-C"]
[Site "Moscow"]
[Date "2006.02.08"]
[Round "2"]
[White "Wang, Xiaohui"]
[Black "Arestanov, Timur"]
[Result "0-1"]
[WhiteElo "2177"]
[BlackElo "2323"]
[PlyCount "56"]
[EventDate "2006.02.07"]
[EventType "swiss"]
[EventRounds "9"]
[EventCountry "RUS"]
[SourceTitle "EXT 2007"]
[Source "ChessBase"]
[SourceDate "2006.11.23"]
[SourceVersion "1"]
[SourceVersionDate "2006.11.23"]
[SourceQuality "1"]

1. d4 d5 2. c4 c6 3. Nf3 Nf6 4. Nc3 e6 5. e3 Nbd7 6. Qc2 Bd6 7. b3 e5 8. Bb2 e4 9. Nd2 a6 10. c5 Bc7 11. b4 0-0 12. g3 Re8 13. Bg2 Nf8 14. 0-0 Ne6 15. a4 Ng5 16. b5 Bh3 17. Bxh3 Nxh3+ 18. Kh1 Ng4 19. Nb3 Qf6 20. Qe2 Nhxf2+ 21. Kg1 Nh3+ 22. Kh1 Qg5 23. Qg2 Re6 24. b6 Bb8 25. Rae1 Nxh2 26. Qxh3 Nxf1 27. Rxf1 Rh6 28. Qxh6 Qxh6+ 0-1

[Event "Novosibirsk op"]
[Site "Novosibirsk"]
[Date "2001.07.25"]
[Round "7"]
[White "Arestanov, Timur"]
[Black "Trufanov, Alexandr"]
[Result "1-0"]
[WhiteElo "2257"]
[BlackElo "2236"]
[PlyCount "59"]
[EventDate "2001.07.18"]
[EventType "swiss"]
[EventRounds "11"]
[EventCountry "RUS"]
[SourceTitle "CBM 083 Extra"]
[Source "ChessBase"]
[SourceDate "2001.09.11"]
[SourceVersion "1"]
[SourceVersionDate "2001.09.11"]
[SourceQuality "1"]

1. d4 d5 2. c4 e6 3. Nf3 Nf6 4. g3 dxc4 5. Bg2 Nc6 6. 0-0 a6 7. Nc3 Rb8 8. e4 Be7 9. d5 Nb4 10. Ne5 exd5 11. exd5 0-0 12. Nxc4 Bf5 13. a3 Nd3 14. Be3 Ng4 15. Ba7 Ra8 16. h3 Nge5 17. Nxe5 Nxe5 18. Bd4 Nc4 19. Bxg7 Kxg7 20. Qd4+ Bf6 21. Qxc4 Re8 22. Rfe1 Be5 23. g4 Qh4 24. f4 b5 25. Qc5 Bd6 26. Qd4+ f6 27. Rxe8 Rxe8 28. gxf5 Bxf4 29. Kf1 Re3 30. Ne2 1-0

[Event "Novosibirsk op"]
[Site "Novosibirsk"]
[Date "2001.07.23"]
[Round "5"]
[White "Arestanov, Timur"]
[Black "Kovalev, Evgeny"]
[Result "1-0"]
[WhiteElo "2257"]
[BlackElo "2201"]
[PlyCount "53"]
[EventDate "2001.07.18"]
[EventType "swiss"]
[EventRounds "11"]
[EventCountry "RUS"]
[SourceTitle "CBM 083 Extra"]
[Source "ChessBase"]
[SourceDate "2001.09.11"]
[SourceVersion "1"]
[SourceVersionDate "2001.09.11"]
[SourceQuality "1"]

1. d4 d5 2. c4 e6 3. Nf3 Nf6 4. g3 c6 5. Bg2 b5 6. b3 a5 7. Nbd2 a4 8. c5 Nbd7 9. b4 g6 10. 0-0 Bg7 11. Qc2 0-0 12. e4 dxe4 13. Nxe4 Nd5 14. a3 h6 15. Re1 Kh7 16. h4 f5 17. Nd6 N7f6 18. Ne5 Bd7 19. Bd2 Ra7 20. Bf3 Be8 21. Kg2 Ng4 22. Bxg4 fxg4 23. h5 Bxe5 24. Nxe8 Qxe8 25. Rxe5 Rf5 26. Rh1 gxh5 27. Qxf5+ 1-0

[Event "Novosibirsk op"]
[Site "Novosibirsk"]
[Date "2001.07.22"]
[Round "4"]
[White "Bocharov, Dmitry"]
[Black "Arestanov, Timur"]
[Result "1-0"]
[WhiteElo "2385"]
[BlackElo "2257"]
[PlyCount "59"]
[EventDate "2001.07.18"]
[EventType "swiss"]
[EventRounds "11"]
[EventCountry "RUS"]
[SourceTitle "CBM 083 Extra"]
[Source "ChessBase"]
[SourceDate "2001.09.11"]
[SourceVersion "1"]
[SourceVersionDate "2001.09.11"]
[SourceQuality "1"]

1. d4 d5 2. c4 c6 3. Nf3 Nf6 4. Nc3 e6 5. e3 Nbd7 6. Bd3 dxc4 7. Bxc4 b5 8. Be2 b4 9. Na4 Qa5 10. 0-0 Bd6 11. Bd2 g5 12. a3 g4 13. Bxb4 Bxb4 14. axb4 Qxb4 15. Ne1 Qd6 16. Nd3 Ba6 17. Ndc5 Bxe2 18. Qxe2 Rg8 19. Rfd1 Rg6 20. e4 Qf4 21. e5 Nxc5 22. Nxc5 Nd5 23. Qa6 Kf8 24. g3 Qf5 25. Qxc6 Re8 26. Rxa7 Rh6 27. Qxe8+ Kxe8 28. Ra8+ Ke7 29. Rda1 Nc7 30. R1a7 1-0

[Event "Novosibirsk op"]
[Site "Novosibirsk"]
[Date "2001.07.21"]
[Round "3"]
[White "Arestanov, Timur"]
[Black "Chigvintsev, Andrei"]
[Result "1-0"]
[WhiteElo "2257"]
[BlackElo "2414"]
[PlyCount "51"]
[EventDate "2001.07.18"]
[EventType "swiss"]
[EventRounds "11"]
[EventCountry "RUS"]
[SourceTitle "CBM 083 Extra"]
[Source "ChessBase"]
[SourceDate "2001.09.11"]
[SourceVersion "1"]
[SourceVersionDate "2001.09.11"]
[SourceQuality "1"]

1. d4 e6 2. c4 f5 3. g3 Nf6 4. Bg2 d5 5. Nf3 c6 6. 0-0 Bd6 7. Nc3 0-0 8. Qc2 Bd7 9. Bg5 Be8 10. Rac1 h6 11. Bxf6 gxf6 12. Nh4 dxc4 13. b3 Bb4 14. Rfd1 Nd7 15. bxc4 Rc8 16. Qb3 Bxc3 17. Rxc3 Qa5 18. Re3 Bf7 19. Qxb7 Rfd8 20. d5 Ne5 21. Qe7 Qa4 22. Rd4 c5 23. Rxe5 cxd4 24. dxe6 Qd1+ 25. Bf1 Rf8 26. Nxf5 1-0